Normal view
MARC view
- by J. F. C. Fuller
Entry Personal Name
001 - CONTROL NUMBER
- control field: 108248
003 - CONTROL NUMBER IDENTIFIER
- control field: NUST
005 - DATE AND TIME OF LATEST TRANSACTION
- control field: 20230131133946.0
008 - FIXED-LENGTH DATA ELEMENTS
- fixed length control field: 230131|| aca||aabn | a|a d
040 ## - CATALOGING SOURCE
- Original cataloging agency: NUST
- Transcribing agency: NUST
100 ## - HEADING--PERSONAL NAME
- Personal name: by J. F. C. Fuller
670 ## - SOURCE DATA FOUND
- Source citation: Work cat.: (NUST)181407: Fuller, J. F. C. 37121, The Second World War, 1939-45 :, [1968]
